| 000 | 00640nam a22001937a 4500 | ||
|---|---|---|---|
| 003 | 0 | ||
| 005 | 20250916162735.0 | ||
| 008 | 250916b xxu||||| |||| 00| 0 eng d | ||
| 020 | _a979-8-88836-754-4 | ||
| 050 |
_aTS 156 _b.G53 2025 |
||
| 100 |
_aGibson, Ross, _eauthor. |
||
| 245 |
_aQuality management : _btools, methods and standards / _cRoss Gibson. |
||
| 260 |
_aNew York, NY : _bLarsen and Keller Education, _c2025. |
||
| 300 |
_aviii, 204 pages : _bcolored illustrations ; _c27 cm. |
||
| 504 | _aIncludes bibliographical references and index. | ||
| 650 | _aQuality control. | ||
| 650 | _aTotal quality management. | ||
| 942 |
_2lcc _cBK |
||
| 999 |
_c367996 _d367996 |
||